Computer-based chemical information (Record no. 19276)

MARC details
000 -LEADER
fixed length control field 00808nam a2200265Ia 4500
003 - CONTROL NUMBER IDENTIFIER
control field OSt
005 - DATE AND TIME OF LATEST TRANSACTION
control field 20220912144928.0
008 - FIXED-LENGTH DATA ELEMENTS--GENERAL INFORMATION
fixed length control field 220909b |||||||| |||| 00| 0 eng d
037 ## - SOURCE OF ACQUISITION
Terms of availability Textual
040 ## - CATALOGING SOURCE
Original cataloging agency CSL
Language of cataloging eng
Transcribing agency CSL
041 ## - LANGUAGE CODE
Language code of text/sound track or separate title eng
100 ## - MAIN ENTRY--PERSONAL NAME
Personal name Arnett Edward Mcc Ed.
245 #0 - TITLE STATEMENT
Title Computer-based chemical information
260 ## - PUBLICATION, DISTRIBUTION, ETC.
Place of publication, distribution, etc. New York
Name of publisher, distributor, etc. Marcel Dekker
Date of publication, distribution, etc. 1973
300 ## - PHYSICAL DESCRIPTION
Extent ix,217p.
Dimensions cm.
490 ## - SERIES STATEMENT
Series statement Books in library and information science a series of monographs and textbooks; 4
650 ## - SUBJECT ADDED ENTRY--TOPICAL TERM
Topical term or geographic name entry element Information engineering
700 ## - ADDED ENTRY--PERSONAL NAME
Personal name Kent Allen Ed.
942 ## - ADDED ENTRY ELEMENTS (KOHA)
Classification part D65,8(2:55):(E), L3
Koha item type Textual
Source of classification or shelving scheme Colon Classification (CC)
Holdings
Withdrawn status Lost status Damaged status Not for loan Home library Current library Date acquired Serial Enumeration / chronology Total Checkouts Full call number Barcode Date last seen Price effective from Koha item type
        Central Science Library Central Science Library 2022-09-12 Part-1   D65,8(2:55):(E) L3 SL0379846 2022-09-12 2022-09-12 Textual
Copyright @ Delhi University Library System